| 000 | 00000nam 2200000zi 4500 |
| 001 | 9.870460 |
| 003 | CaOODSP |
| 005 | 20240219183505 |
| 006 | m o d f |
| 007 | cr ||||||||||| |
| 008 | 190322e20110131quca|||#o f000 0 eng d |
| 040 | |aCaOODSP|beng|erda|cCaOODSP |
| 043 | |an-cn--- |
| 086 | 1 |aD69-55/2011E-PDF |
| 100 | 1 |aRabbath, C. A., |eauthor. |
| 245 | 10|aArtificial intelligence for networked robotic drones / |cC.A. Rabbath, Precision Weapons Section, Defence Research and Development Canada - Valcartier. |
| 264 | 1|aValcartier : |bDefence Research and Development Canada = Recherche et développement pour la défense Canada,|cJan. 31 2011. |
| 300 | |a1 online resource (11 pages) : |bcolour illustrations |
| 336 | |atext|btxt|2rdacontent |
| 337 | |acomputer|bc|2rdamedia |
| 338 | |aonline resource|bcr|2rdacarrier |
| 500 | |aCover title. |
| 504 | |aIncludes bibliographical references. |
| 692 | 07|2gccst|aArtificial intelligence |
| 692 | 07|2gccst|aRobotics |
| 692 | 07|2gccst|aAirplanes |
| 710 | 2 |aDefence R&D Canada. |
| 856 | 40|qPDF|s3.27 MB|uhttps://publications.gc.ca/collections/collection_2019/rddc-drdc/D69-55-2011-eng.pdf |